000 00251nam a2200109Ia 4500
008 200302s9999 xx 000 0 und d
100 _aDaniel Libeskind
245 _aArchitects & Design
260 _bC A Press Co.,
260 _c2009
300 _a224 P.,
999 _c2819
_d2819